[Event "XIV Festival A"]
[Site "Campobasso ITA"]
[Date "2007.07.22"]
[Round "6"]
[White "Caporale, Giuseppe Guido"]
[Black "Di Gianni, Rocco"]
[Result "0-1"]
[WhiteElo "1850"]
[BlackElo "2136"]
[PlyCount "92"]
[EventDate "2007.07.20"]

1. e4 g6 2. d4 Bg7 3. Nc3 d6 4. Bg5 h6 5. Be3 a6 6. f4 Nd7 7. Nf3 b5 8. a3 Bb7
9. Bd3 e6 10. O-O c5 11. e5 c4 12. Be2 Bxf3 13. Bxf3 d5 14. Qe1 Ne7 15. Qf2 h5
16. g3 Nb6 17. h3 Qd7 18. Kg2 a5 19. g4 Qc6 20. Qh4 hxg4 21. Qxg4 Nf5 22. Bf2
Bf8 23. h4 Rxh4 24. Qxf5 gxf5 25. Bxh4 b4 26. Ne2 bxa3 27. bxa3 c3 28. Be1 Nc4
29. Kf2 Qa4 30. Bxc3 Bxa3 31. Ra2 Qb5 32. Rh1 Ke7 33. Raa1 Rb8 34. Rh7 Bb2 35.
Rb1 a4 36. Nc1 a3 37. Na2 Qa4 38. Bd1 Nd2 39. Bh5 Nxb1 40. Rxf7+ Kd8 41. Rf8+
Kc7 42. Rf7+ Kc6 43. Rf6 Qxc2+ 44. Be2 Bxc3 45. Rxe6+ Kd7 46. Rd6+ Ke7 0-1

[Event "XIV Festival A"]
[Site "Campobasso ITA"]
[Date "2007.07.22"]
[Round "6"]
[White "Cordi', Domenico"]
[Black "Gromovs, Sergejs"]
[Result "0-1"]
[WhiteElo "2062"]
[BlackElo "2368"]
[PlyCount "45"]
[EventDate "2007.07.20"]

1. d4 g6 2. Nf3 Bg7 3. c4 c5 4. d5 d6 5. Nc3 Bxc3+ 6. bxc3 f5 7. g3 Qa5 8. Qb3
Nf6 9. Nd2 Nbd7 10. Bg2 Nb6 11. O-O Bd7 12. Re1 Ba4 13. Qa3 Qa6 14. f3 O-O 15.
e4 fxe4 16. fxe4 Ng4 17. e5 Rae8 18. Bh3 Nf2 19. Be6+ Kh8 20. Re2 Nd3 21. Re3
Nxc4 22. Nxc4 Qxc4 23. Bd2 0-1

[Event "XIV Festival A"]
[Site "Campobasso ITA"]
[Date "2007.07.22"]
[Round "6"]
[White "Fezza, Davide"]
[Black "Ficco, Corrado"]
[Result "0-1"]
[WhiteElo "2058"]
[BlackElo "2158"]
[PlyCount "100"]
[EventDate "2007.07.20"]

1. e4 c5 2. Nf3 e6 3. d4 cxd4 4. Nxd4 Nf6 5. Bd3 Nc6 6. Nxc6 bxc6 7. c4 d5 8.
cxd5 cxd5 9. e5 Nd7 10. Bf4 Ba6 11. O-O Bxd3 12. Qxd3 Be7 13. Qg3 g6 14. Nd2
O-O 15. Bh6 Re8 16. Nf3 Bf8 17. Bg5 Qb8 18. Rab1 Bg7 19. Bf4 Rc8 20. Rfe1 Rc7
21. Qh4 Nf8 22. Bh6 Rc4 23. Qg5 Qd8 24. Qd2 Rac8 25. Bg5 Qc7 26. Rbc1 Nd7 27.
Rxc4 Qxc4 28. Qa5 Qc7 29. Qa6 Nb8 30. Qa4 Qd7 31. Qh4 Rc4 32. g4 Nc6 33. Bf6 h6
34. b3 Rc3 35. Kg2 d4 36. Bxg7 Kxg7 37. Qf6+ Kg8 38. h4 Qd5 39. h5 g5 40. Re2
Ne7 41. Rc2 Rxc2 42. Qxh6 Rc3 43. Qxg5+ Ng6 44. hxg6 Qxf3+ 45. Kg1 fxg6 46.
Qxg6+ Kf8 47. Qh6+ Ke7 48. Qg5+ Kd7 49. Qg7+ Kc6 50. Qg5 Rd3 0-1

[Event "XIV Festival A"]
[Site "Campobasso ITA"]
[Date "2007.07.22"]
[Round "6"]
[White "Improta, Giovanni"]
[Black "Guccione, Daniele"]
[Result "0-1"]
[WhiteElo "1935"]
[BlackElo "1879"]
[PlyCount "134"]
[EventDate "2007.07.20"]

1. e4 e5 2. Nf3 Nc6 3. c3 Nf6 4. Qc2 d6 5. Be2 g6 6. d3 Bg7 7. Bg5 O-O 8. Qd2
Be6 9. Na3 d5 10. exd5 Qxd5 11. Nc2 Rfe8 12. O-O Rad8 13. Ne3 Qd7 14. Qc2 h6
15. Bh4 g5 16. Bg3 Nd5 17. Nxd5 Bxd5 18. Nd2 f5 19. h3 f4 20. Bh2 Ne7 21. Bg4
Be6 22. Bxe6+ Qxe6 23. Ne4 b6 24. Rfe1 Nf5 25. Kf1 f3 26. g4 Nd6 27. Re3 Nxe4
28. Rxe4 Qd5 29. Rd1 Qxa2 30. Re3 Qd5 31. c4 Qc6 32. Rde1 Qd7 33. Rxf3 e4 34.
dxe4 Qd2 35. Qxd2 Rxd2 36. b3 c5 37. e5 Re6 38. Rfe3 Kf7 39. Ra1 a5 40. Ke1 Rd8
41. Rd1 Rxd1+ 42. Kxd1 Re8 43. Ke2 Ke6 44. f4 gxf4 45. Bxf4 Ra8 46. Kf3 a4 47.
bxa4 Rxa4 48. Re4 Ra1 49. Kg3 Ra3+ 50. Kh4 Rf3 51. g5 hxg5+ 52. Bxg5 Bxe5 53.
Kg4 Rf1 54. h4 Rg1+ 55. Kh5 Kf5 56. Re2 Bd4 57. Re8 Rg2 58. Rf8+ Ke4 59. Bd8
Kd3 60. Bxb6 Kxc4 61. Bd8 Kd3 62. Bg5 c4 63. Kg6 c3 64. Rc8 c2 65. Kf5 Bc3 66.
Rd8+ Ke2 67. h5 Rxg5+ 0-1

[Event "XIV Festival A"]
[Site "Campobasso ITA"]
[Date "2007.07.22"]
[Round "6"]
[White "Iodice, Fabio"]
[Black "Castellano, Alfonso"]
[Result "1/2-1/2"]
[WhiteElo "1986"]
[BlackElo "1903"]
[PlyCount "58"]
[EventDate "2007.07.20"]

1. d4 Nf6 2. Nf3 g6 3. Bf4 Bg7 4. e3 d6 5. h3 Nbd7 6. Bd3 O-O 7. Nbd2 Re8 8.
O-O e5 9. Bg5 h6 10. Bxf6 Nxf6 11. Be2 e4 12. Nh2 d5 13. c4 c6 14. Rc1 Be6 15.
cxd5 cxd5 16. Nb3 b6 17. Qd2 Bf8 18. Rc2 Qd7 19. Rfc1 Bd6 20. Bf1 Rac8 21. Rxc8
Rxc8 22. Rxc8+ Qxc8 23. Nc1 Qc7 24. g3 g5 25. Bg2 Qd7 26. g4 h5 27. f3 Qc7 28.
Nf1 exf3 29. Bxf3 Ne4 1/2-1/2

[Event "XIV Festival A"]
[Site "Campobasso ITA"]
[Date "2007.07.22"]
[Round "6"]
[White "Mazza, Daniele"]
[Black "Capuano, Francesca"]
[Result "1/2-1/2"]
[WhiteElo "1757"]
[BlackElo "1934"]
[PlyCount "39"]
[EventDate "2007.07.20"]

1. d4 d5 2. c4 e6 3. Nc3 Nf6 4. Bg5 Be7 5. Nf3 O-O 6. e3 h6 7. Bh4 b6 8. Bd3
Bb7 9. Bg3 Nbd7 10. O-O Nh5 11. cxd5 Nxg3 12. hxg3 exd5 13. Rc1 c5 14. Re1 Nf6
15. Ne5 Bd6 16. Ng4 Nxg4 17. Qxg4 Qf6 18. Rcd1 cxd4 19. exd4 Rad8 20. Qh4
1/2-1/2

[Event "XIV Festival A"]
[Site "Campobasso ITA"]
[Date "2007.07.22"]
[Round "6"]
[White "Merendino, Riccardo"]
[Black "De Carlo, Fabio"]
[Result "0-1"]
[WhiteElo "1879"]
[BlackElo "2070"]
[PlyCount "46"]
[EventDate "2007.07.20"]

1. e4 c5 2. c3 Nc6 3. d4 e6 4. Nf3 d5 5. exd5 exd5 6. Be3 Nf6 7. h3 Qb6 8. Qc2
Bd6 9. Nbd2 Bd7 10. dxc5 Bxc5 11. Bxc5 Qxc5 12. Nb3 Qb6 13. Bd3 O-O 14. O-O
Rac8 15. a3 Ne7 16. Nbd4 Ng6 17. Bxg6 hxg6 18. Ne5 Qxd4 19. Nxd7 Nxd7 20. Qb3
Nc5 21. Qb5 Qh4 22. b4 a6 23. Qe2 Ne4 0-1

[Event "XIV Festival A"]
[Site "Campobasso ITA"]
[Date "2007.07.22"]
[Round "6"]
[White "Mrdja, Milan"]
[Black "Amato, Andrea"]
[Result "1-0"]
[WhiteElo "2385"]
[BlackElo "2267"]
[PlyCount "89"]
[EventDate "2007.07.20"]

1. e4 e6 2. d4 d5 3. Nc3 Nf6 4. Bg5 dxe4 5. Nxe4 Be7 6. Bxf6 Bxf6 7. Nf3 Nd7 8.
Qd2 O-O 9. O-O-O Be7 10. Qf4 c5 11. dxc5 Qa5 12. Kb1 Nxc5 13. Nfd2 Rd8 14. Be2
Nxe4 15. Nxe4 e5 16. Rxd8+ Bxd8 17. Qd2 Be6 18. Qxa5 Bxa5 19. Bf3 Bb6 20. Rd1
h6 21. Nc3 Bxf2 22. Bxb7 Rb8 23. Bd5 Bxd5 24. Rxd5 Re8 25. Kc1 f5 26. Kd2 Kf7
27. Nb5 Kf6 28. c4 Rc8 29. b3 Rc5 30. Rd7 e4 31. a4 f4 32. Ke2 Bg1 33. Nc3 Rh5
34. Nxe4+ Kf5 35. Rd5+ Kg6 36. Rxh5 Kxh5 37. h3 Kg6 38. b4 Kf5 39. Kd3 g5 40.
c5 h5 41. a5 g4 42. b5 f3 43. hxg4+ Kxg4 44. gxf3+ Kxf3 45. c6 1-0

[Event "XIV Festival A"]
[Site "Campobasso ITA"]
[Date "2007.07.22"]
[Round "6"]
[White "Parrini, Daniele"]
[Black "Palladino, Andrea"]
[Result "1/2-1/2"]
[WhiteElo "2026"]
[BlackElo "1980"]
[PlyCount "47"]
[EventDate "2007.07.20"]

1. e4 e5 2. Nf3 Nc6 3. d4 exd4 4. Nxd4 Nf6 5. Nxc6 bxc6 6. e5 Qe7 7. Qe2 Nd5 8.
c4 Ba6 9. b3 g6 10. g3 Bg7 11. Bb2 O-O 12. Bg2 Rfe8 13. O-O Nb6 14. Re1 d5 15.
Nd2 Rad8 16. f4 dxc4 17. Nxc4 Nxc4 18. bxc4 Qc5+ 19. Kh1 Qxc4 20. Qxc4 Bxc4 21.
Rac1 Bd5 22. Bxd5 Rxd5 23. Rxc6 Red8 24. Rc2 1/2-1/2

[Event "XIV Festival A"]
[Site "Campobasso ITA"]
[Date "2007.07.22"]
[Round "6"]
[White "Petruccioli, Antonio"]
[Black "Vuelban, Virgilio"]
[Result "0-1"]
[WhiteElo "2100"]
[BlackElo "2332"]
[PlyCount "88"]
[EventDate "2007.07.20"]

1. e4 c5 2. Nf3 Nc6 3. Bb5 e6 4. O-O Nge7 5. c3 a6 6. Ba4 b5 7. Bc2 d5 8. d4
cxd4 9. Nxd4 Bb7 10. exd5 Qxd5 11. Bb3 Qd7 12. Nf3 Qxd1 13. Rxd1 Na5 14. Bc2
Nd5 15. Nbd2 Be7 16. a4 b4 17. c4 Nf4 18. Be4 O-O-O 19. Bxb7+ Kxb7 20. Re1 Nd3
21. Rf1 g5 22. Ne4 g4 23. Bg5 f6 24. Bxf6 Bxf6 25. Nxf6 gxf3 26. gxf3 Nxc4 27.
Ne4 Ncxb2 28. Ra2 a5 29. Rb1 Nc4 30. Rd1 Kb6 31. Rc2 Nde5 32. Rxd8 Rxd8 33. Kf1
b3 34. Rc1 b2 35. Rb1 Nd3 36. Rd1 Nb4 37. Rxd8 b1=Q+ 38. Kg2 Qa1 39. Rc8 Qg7+
40. Kf1 Qd7 41. Rb8+ Ka7 42. Rb5 Nd2+ 43. Nxd2 Qxd2 44. Rxa5+ Kb8 0-1

[Event "XIV Festival A"]
[Site "Campobasso ITA"]
[Date "2007.07.22"]
[Round "6"]
[White "Piro, Valerio"]
[Black "Bottega, Antonio"]
[Result "1-0"]
[WhiteElo "2096"]
[BlackElo "1986"]
[PlyCount "49"]
[EventDate "2007.07.20"]

1. c4 e5 2. Nc3 f5 3. Nf3 Nc6 4. d4 e4 5. Ng5 Be7 6. Nh3 d6 7. g3 Bf6 8. e3 Nh6
9. Nf4 g6 10. h4 Nf7 11. b3 O-O 12. Bb2 Bd7 13. Ncd5 Bg7 14. Be2 Re8 15. g4 Nh6
16. g5 Nf7 17. Qd2 a5 18. O-O-O Nb8 19. h5 c6 20. hxg6 hxg6 21. Nf6+ Bxf6 22.
gxf6 Qxf6 23. d5 Re5 24. Nxg6 Qxg6 25. Rdg1 1-0

[Event "XIV Festival A"]
[Site "Campobasso ITA"]
[Date "2007.07.22"]
[Round "6"]
[White "Safranska, Anda"]
[Black "Gerardi, Saverio"]
[Result "0-1"]
[WhiteElo "2301"]
[BlackElo "2130"]
[PlyCount "157"]
[EventDate "2007.07.20"]

1. Nf3 d5 2. g3 Nf6 3. Bg2 c5 4. d3 Nc6 5. Nbd2 e6 6. O-O Be7 7. e4 O-O 8. Re1
Re8 9. e5 Nd7 10. Nf1 Qc7 11. Bf4 Nf8 12. Qe2 Bd7 13. h4 Ng6 14. Bd2 f6 15.
exf6 gxf6 16. h5 Nge5 17. Nxe5 Nxe5 18. f4 Nf7 19. f5 Ne5 20. h6 Kh8 21. Qh5
Rg8 22. Bf4 Bd6 23. Re2 Raf8 24. Kh1 d4 25. Rae1 exf5 26. Nd2 Ng4 27. Re7 Bxf4
28. gxf4 Ne3 29. Bf3 Qd6 30. Rg7 Be8 31. Qh4 Rxg7 32. hxg7+ Kxg7 33. Rg1+ Kh8
34. Nc4 Nxc4 35. Qg3 Bg6 36. dxc4 Qd7 37. Bd5 b5 38. Qf3 bxc4 39. Bxc4 Qg7 40.
Rg2 Re8 41. Kg1 Qc7 42. a4 Kg7 43. b3 Re1+ 44. Kh2 Re3 45. Qf1 Qe7 46. Bd3 Re1
47. Qf3 Qe3 48. Qxe3 Rxe3 49. Bxf5 Rf3 50. Rg4 Kf7 51. Bxg6+ hxg6 52. Kg1 a5
53. Rh4 Rc3 54. Rh7+ Ke6 55. Ra7 Kf5 56. Rxa5 Kxf4 57. Ra6 Ke5 58. Rc6 Rxc2 59.
a5 Rc3 60. a6 Rc1+ 61. Kf2 Ra1 62. Rxc5+ Kd6 63. Rc4 Rxa6 64. Rxd4+ Ke5 65. Rb4
f5 66. Kf3 g5 67. Rb5+ Kf6 68. Ke3 Re6+ 69. Kf3 g4+ 70. Kf2 Kg5 71. b4 Kf4 72.
Rc5 Re4 73. b5 Rb4 74. Rd5 Ke4 75. Rc5 f4 76. Rg5 g3+ 77. Ke2 Rb2+ 78. Kd1 g2
79. Kc1 0-1

[Event "XIV Festival A"]
[Site "Campobasso ITA"]
[Date "2007.07.22"]
[Round "6"]
[White "Scalcione, Michelangelo"]
[Black "Lazarev, Vladimir"]
[Result "1/2-1/2"]
[WhiteElo "2288"]
[BlackElo "2498"]
[PlyCount "74"]
[EventDate "2007.07.20"]

1. Nf3 Nf6 2. c4 e6 3. Nc3 d5 4. d4 Bb4 5. cxd5 exd5 6. Bg5 h6 7. Bxf6 Qxf6 8.
Rc1 c6 9. a3 Bxc3+ 10. Rxc3 O-O 11. e3 a5 12. Be2 Bg4 13. Ne5 Bxe2 14. Qxe2 Qe6
15. O-O Na6 16. Nd3 Nc7 17. a4 Qe7 18. Qd2 Ne8 19. Ne5 Nd6 20. Rcc1 Rfe8 21.
Qc2 Qe6 22. Nd3 Qf5 23. Nc5 Qe6 24. Nd3 Qf5 25. Ne5 Qxc2 26. Rxc2 f6 27. Nd3
Kf7 28. Nc5 Re7 29. Rd1 g5 30. Kf1 Kg6 31. Rcc1 h5 32. Nd3 h4 33. h3 Kf5 34. b3
Rg8 35. Rc5 Ra8 36. Rcc1 Rg8 37. Rc5 Ra8 1/2-1/2

[Event "XIV Festival A"]
[Site "Campobasso ITA"]
[Date "2007.07.22"]
[Round "6"]
[White "Scerbo, Antonio"]
[Black "Parrella, Alfredo"]
[Result "1/2-1/2"]
[WhiteElo "2100"]
[BlackElo "2137"]
[PlyCount "72"]
[EventDate "2007.07.20"]

1. d4 Nf6 2. Nf3 g6 3. c4 Bg7 4. Nc3 O-O 5. e4 d6 6. h3 e5 7. dxe5 dxe5 8. Qxd8
Rxd8 9. Nd5 Nxd5 10. cxd5 c6 11. Bc4 cxd5 12. Bxd5 Nd7 13. Bg5 Re8 14. Rc1 h6
15. Be3 Nf6 16. Ke2 Nxd5 17. exd5 b6 18. Rhd1 Ba6+ 19. Ke1 Rec8 20. d6 Rxc1 21.
Rxc1 Rd8 22. Rc7 Rxd6 23. Rxa7 Bd3 24. Re7 Kf8 25. Rb7 e4 26. Nd2 Rc6 27. f3
exf3 28. gxf3 b5 29. b3 Rc1+ 30. Kf2 Rc2 31. a4 bxa4 32. bxa4 Ra2 33. Ra7 Kg8
34. Kg3 Bc3 35. Ne4 Be1+ 36. Bf2 Bxe4 1/2-1/2

[Event "XIV Festival A"]
[Site "Campobasso ITA"]
[Date "2007.07.22"]
[Round "6"]
[White "Stoyko, Maksym"]
[Black "De Toma, Francesco"]
[Result "1-0"]
[WhiteElo "2129"]
[BlackElo "1744"]
[PlyCount "157"]
[EventDate "2007.07.20"]

1. d4 c5 2. d5 d6 3. c4 Nf6 4. Nc3 g6 5. e4 Bg7 6. Bd3 O-O 7. h3 e6 8. Nf3 exd5
9. cxd5 Re8 10. O-O Nbd7 11. Re1 a6 12. a4 b6 13. Bf4 Qc7 14. Bc4 Bb7 15. Qd2
Rad8 16. Qd3 Nb8 17. Rad1 Nfd7 18. Qc2 h5 19. Bg3 Bc8 20. Qd3 Bb7 21. Re3 Bh6
22. Re2 Kh7 23. e5 Nxe5 24. Bxe5 dxe5 25. d6 Qc6 26. Bxf7 e4 27. Qd5 Qxd5 28.
Nxd5 Rxd6 29. Bxe8 Rxd5 30. Rxd5 Bxd5 31. Ne5 Bg7 32. Bxg6+ Kh6 33. Bxe4 Bb3
34. Nc6 Nxc6 35. Bxc6 Bc4 36. Rd2 Bd4 37. Bf3 Bb3 38. Bd1 Bd5 39. b4 a5 40.
bxc5 bxc5 41. Kf1 Bc4+ 42. Be2 Bb3 43. Bb5 Kg5 44. Ke2 Bd5 45. g3 Be6 46. h4+
Kf6 47. Bc6 Ke5 48. f4+ Kd6 49. Be4 Bd7 50. Bc2 Bg4+ 51. Kd3 Bf5+ 52. Kc4 Be6+
53. Kb5 Kc7 54. Rxd4 cxd4 55. Bd3 Kd6 56. Be4 Bd5 57. Bg6 Bf3 58. Kc4 Bd1 59.
Kxd4 Bxa4 60. Bxh5 Bc2 61. Bf7 Ke7 62. Bc4 Kf6 63. Bb5 Bd1 64. Bd7 a4 65. Kc3
Ke7 66. Bf5 a3 67. g4 Kf6 68. h5 Ba4 69. h6 a2 70. Kb2 Bb3 71. h7 Kg7 72. g5
Kh8 73. g6 Kg7 74. Bd3 Kh8 75. f5 Bd5 76. f6 a1=Q+ 77. Kxa1 Be4 78. g7+ Kxh7
79. Bxe4+ 1-0

[Event "XIV Festival A"]
[Site "Campobasso ITA"]
[Date "2007.07.22"]
[Round "6"]
[White "Zimina, Olga"]
[Black "Ljubisavljevic, Zivojin Z."]
[Result "1-0"]
[WhiteElo "2377"]
[BlackElo "2296"]
[PlyCount "123"]
[EventDate "2007.07.20"]

1. e4 c6 2. d4 d5 3. Nd2 dxe4 4. Nxe4 Nf6 5. Nxf6+ gxf6 6. c3 Bf5 7. Nf3 h5 8.
Bd3 Bxd3 9. Qxd3 e6 10. Bf4 Bd6 11. Bg3 Qc7 12. O-O-O Nd7 13. Kb1 O-O-O 14. Qc2
f5 15. Bxd6 Qxd6 16. Rhe1 Rhg8 17. g3 Qd5 18. Rd3 f4 19. c4 Qf5 20. Nh4 Qh7 21.
Rf3 Qxc2+ 22. Kxc2 fxg3 23. hxg3 Rg4 24. Rxf7 Rxd4 25. b3 Nc5 26. Nf3 R4d7 27.
Rxd7 Rxd7 28. Ng5 Nd3 29. Rxe6 Nb4+ 30. Kb2 Nd3+ 31. Kc2 Nxf2 32. Rh6 Re7 33.
Rxh5 Re2+ 34. Kc3 Re3+ 35. Kd4 Rd3+ 36. Ke5 Kc7 37. c5 a5 38. Ne6+ Kb8 39. Rh8+
Ka7 40. Rg8 Rd5+ 41. Kf6 Nd3 42. Rg7 Nxc5 43. Nxc5 Rxc5 44. Rg5 Rc1 45. Rxa5+
Kb6 46. Rf5 c5 47. Rf2 Ka5 48. Kf5 b5 49. g4 c4 50. bxc4 bxc4 51. g5 c3 52. g6
Rb1 53. g7 Rb2 54. g8=Q Rxf2+ 55. Ke4 c2 56. Qc4 c1=Q 57. Qxc1 Rxa2 58. Kd5 Kb4
59. Qc4+ Ka3 60. Qc3+ Ka4 61. Kc5 Ra3 62. Qb4# 1-0

[Event "C.to Unione Europea U14"]
[Site "Mureck AUT"]
[Date "2007.08.01"]
[Round "1"]
[White "Visentin, Lorenzo"]
[Black "Vericeanu, Ilinca"]
[Result "1-0"]
[WhiteElo "2041"]
[BlackElo "1669"]
[PlyCount "41"]
[EventDate "2007.08.01"]

1. d4 Nf6 2. c4 e6 3. Nc3 Bb4 4. e3 O-O 5. Bd3 d6 6. Nf3 b6 7. e4 Nc6 8. e5
dxe5 9. dxe5 Ng4 10. Bxh7+ Kxh7 11. Ng5+ Kg8 12. Qxg4 Qd3 13. Nge4 f5 14. exf6
Rf7 15. Be3 e5 16. Qh4 Nd4 17. Bxd4 exd4 18. fxg7 Rxg7 19. Rd1 dxc3 20. Rxd3
cxb2+ 21. Ke2 1-0

[Event "C.to Unione Europea U14"]
[Site "Mureck AUT"]
[Date "2007.08.02"]
[Round "2"]
[White "Narva, Triin"]
[Black "Visentin, Lorenzo"]
[Result "0-1"]
[WhiteElo "1858"]
[BlackElo "2041"]
[PlyCount "84"]
[EventDate "2007.08.01"]

1. e4 c5 2. Nf3 d6 3. Bb5+ Bd7 4. Bxd7+ Nxd7 5. O-O Ngf6 6. Re1 g6 7. c3 c4 8.
Qa4 Qc7 9. Na3 Rc8 10. e5 dxe5 11. Nxe5 Bg7 12. Nexc4 O-O 13. Rxe7 Qc5 14. Re1
b5 15. Qxb5 Qxb5 16. Nxb5 Rxc4 17. b3 Rcc8 18. Nxa7 Ra8 19. Nc6 Nc5 20. b4 Nb3
21. Rb1 Nxc1 22. Rexc1 Rxa2 23. d3 Bh6 24. Rf1 Ra3 25. c4 Rxd3 26. b5 Rc3 27.
Rb4 Nd7 28. b6 Nb8 29. Ne7+ Kg7 30. b7 Rc2 31. g3 Re8 32. Nc8 Bg5 33. Ra4 Bd8
34. Rd1 Bc7 35. h4 Ree2 36. Rf1 Re4 37. Raa1 Rexc4 38. Rab1 Re2 39. Na7 Rcc2
40. Nc8 Bxg3 41. Rb4 Bxf2+ 42. Kh1 Bc5 0-1

[Event "C.to Unione Europea U14"]
[Site "Mureck AUT"]
[Date "2007.08.02"]
[Round "2"]
[White "Tomazini, Zan"]
[Black "Messina, Roberta"]
[Result "1-0"]
[WhiteElo "2050"]
[BlackElo "1859"]
[PlyCount "61"]
[EventDate "2007.08.01"]

1. e4 c5 2. d4 cxd4 3. c3 dxc3 4. Nxc3 Nc6 5. Nf3 e6 6. Bc4 Qc7 7. O-O Nf6 8.
h3 a6 9. Qe2 h5 10. e5 Ng4 11. Bf4 d6 12. exd6 Bxd6 13. Bxd6 Qxd6 14. Rfd1 Qb8
15. Ne4 Nh6 16. Nd6+ Ke7 17. Ne5 Nxe5 18. Qxe5 Bd7 19. Qc5 Kd8 20. Qg5+ Kc7 21.
Rac1 Bc6 22. Qe5 Kb6 23. b4 Qf8 24. Qc5+ Kc7 25. b5 axb5 26. Nxb5+ Kc8 27. Na7+
Kc7 28. Qa5+ b6 29. Qe5+ Kb7 30. Nxc6 Kxc6 31. Bb5+ 1-0

[Event "C.to Unione Europea U14"]
[Site "Mureck AUT"]
[Date "2007.08.03"]
[Round "3"]
[White "Visentin, Lorenzo"]
[Black "Kantans, Toms"]
[Result "0-1"]
[WhiteElo "2041"]
[BlackElo "1928"]
[PlyCount "60"]
[EventDate "2007.08.01"]

1. d4 e6 2. c4 b6 3. Nc3 Bb7 4. e4 Bb4 5. Bd3 f5 6. Qe2 Nf6 7. Bg5 fxe4 8. Bxe4
Bxe4 9. Bxf6 Qxf6 10. Qxe4 Nc6 11. Nf3 O-O 12. O-O Qh6 13. Ne2 Bd6 14. h3 Rae8
15. Rfd1 Rf7 16. d5 Nd8 17. Ned4 Rf4 18. Qe3 Qg6 19. Ne5 Bxe5 20. Qxe5 Ref8 21.
Rd2 d6 22. Qe3 e5 23. Nb5 Rf3 24. Qe2 Rxh3 25. Rad1 Rf4 26. Rd3 Rxd3 27. Qxd3
Qh5 28. g3 Rf6 29. Nxa7 Rh6 30. Kg2 e4 0-1

[Event "C.to Unione Europea U14"]
[Site "Mureck AUT"]
[Date "2007.08.04"]
[Round "4"]
[White "O'Toole, George E."]
[Black "Visentin, Lorenzo"]
[Result "1-0"]
[WhiteElo "1974"]
[BlackElo "2041"]
[PlyCount "81"]
[EventDate "2007.08.01"]

1. e4 c5 2. Nf3 a6 3. c3 d5 4. exd5 Qxd5 5. d4 Nf6 6. Be3 cxd4 7. cxd4 Bg4 8.
Be2 e6 9. h3 Bh5 10. Nc3 Qd6 11. g4 Bg6 12. Ne5 Nc6 13. Bf3 Nd5 14. Nxd5 exd5
15. O-O Be7 16. Bf4 Qd8 17. Nxc6 bxc6 18. Qa4 Qd7 19. Rac1 Rc8 20. Be2 O-O 21.
Bxa6 h5 22. Bxc8 Rxc8 23. f3 hxg4 24. hxg4 Qe6 25. Qa6 Bf6 26. Be5 Bg5 27. Rce1
Qd7 28. Kg2 c5 29. dxc5 Rxc5 30. Re2 d4 31. Bg3 d3 32. Rd1 Rc1 33. Rxc1 Bxc1
34. Re1 d2 35. Qa8+ Kh7 36. Rh1+ Bh5 37. Rxh5+ Kg6 38. Qe4+ f5 39. gxf5+ Kf6
40. Qe5+ Kf7 41. Qe6+ 1-0

[Event "C.to Unione Europea U14"]
[Site "Mureck AUT"]
[Date "2007.08.04"]
[Round "4"]
[White "Sosovicka, Juraj"]
[Black "Messina, Roberta"]
[Result "0-1"]
[WhiteElo "1875"]
[BlackElo "1859"]
[PlyCount "116"]
[EventDate "2007.08.01"]

1. e4 c5 2. Nf3 d6 3. d4 cxd4 4. Nxd4 Nf6 5. Nc3 a6 6. Be2 e6 7. O-O Be7 8. f4
Qc7 9. Kh1 O-O 10. Qe1 Nc6 11. Be3 Bd7 12. Qg3 Rfe8 13. Rad1 Bf8 14. Nb3 Nb4
15. Rd2 Bb5 16. Bxb5 axb5 17. Bd4 Qc4 18. Rfd1 e5 19. fxe5 dxe5 20. Bxe5 Nxe4
21. Nxe4 Qxe4 22. Bc3 Nxc2 23. Nc5 Qe1+ 24. Rxe1 Rxe1+ 25. Qxe1 Nxe1 26. Bb4 b6
27. Nd3 Nxd3 28. Bxf8 Rxa2 29. h3 Kxf8 30. Rxd3 Rxb2 31. Rd6 Ke7 32. Rxb6 b4
33. Kh2 b3 34. Kh1 h5 35. Kh2 g5 36. Kg3 f6 37. Kh2 h4 38. Kh1 Rb1+ 39. Kh2 b2
40. Rb7+ Ke6 41. Rb6+ Kf5 42. Rb5+ Ke4 43. Rb4+ Ke3 44. Rb3+ Ke2 45. Rb8 f5 46.
Re8+ Kf2 47. Rb8 g4 48. hxg4 fxg4 49. Rf8+ Ke3 50. Re8+ Kf4 51. Rf8+ Ke5 52.
Re8+ Kf6 53. Rf8+ Ke7 54. Rb8 g3+ 55. Kh3 Rh1+ 56. Kg4 b1=Q 57. Rxb1 Rxb1 58.
Kxh4 Rb3 0-1

[Event "C.to Unione Europea U14"]
[Site "Mureck AUT"]
[Date "2007.08.05"]
[Round "5"]
[White "Messina, Roberta"]
[Black "Dragomirescu, Robin-Alexandru"]
[Result "0-1"]
[WhiteElo "1859"]
[BlackElo "2189"]
[PlyCount "46"]
[EventDate "2007.08.01"]

1. e4 c5 2. Nf3 Nc6 3. d4 cxd4 4. Nxd4 Nf6 5. Nc3 e5 6. Ndb5 d6 7. Bg5 a6 8.
Na3 b5 9. Bxf6 gxf6 10. Nd5 f5 11. Qf3 Nd4 12. Qc3 Ra7 13. O-O-O Bg7 14. exf5
Bxf5 15. Qe1 O-O 16. Kb1 Qb8 17. h4 b4 18. Rxd4 exd4 19. Nc4 Re8 20. Qd2 Be4
21. Ndb6 d5 22. Nxd5 Bxd5 23. Rh3 Rd7 0-1

[Event "C.to Unione Europea U14"]
[Site "Mureck AUT"]
[Date "2007.08.06"]
[Round "6"]
[White "Grant, David J."]
[Black "Visentin, Lorenzo"]
[Result "1/2-1/2"]
[WhiteElo "1881"]
[BlackElo "2041"]
[PlyCount "62"]
[EventDate "2007.08.01"]

1. e4 c5 2. Nf3 d6 3. d4 cxd4 4. Nxd4 Nf6 5. Nc3 a6 6. Bc4 e6 7. Bb3 Be7 8. g4
h6 9. Rg1 Qa5 10. f3 Nfd7 11. g5 hxg5 12. Bxe6 fxe6 13. Nxe6 Ne5 14. Nxg7+ Kf7
15. Bxg5 Bxg5 16. Rxg5 Nd3+ 17. Qxd3 Qxg5 18. Nf5 Qg1+ 19. Kd2 Rxh2+ 20. Ne2
Qg5+ 21. f4 Qxf4+ 22. Ne3 Ke8 23. Rf1 Qe5 24. Nc4 Qg5+ 25. Kc3 Qg7+ 26. Kd2
Qh6+ 27. Kd1 Ke7 28. Nxd6 Qxd6 29. Rf7+ Kxf7 30. Qxd6 Rh1+ 31. Kd2 Be6 1/2-1/2

[Event "C.to Unione Europea U14"]
[Site "Mureck AUT"]
[Date "2007.08.06"]
[Round "6"]
[White "Messina, Roberta"]
[Black "Galliano, Alexander"]
[Result "0-1"]
[WhiteElo "1859"]
[BlackElo "2058"]
[PlyCount "64"]
[EventDate "2007.08.01"]

1. e4 e5 2. Nf3 Nc6 3. d4 exd4 4. Nxd4 Bc5 5. Be3 Qf6 6. c3 Nge7 7. Bc4 Ne5 8.
Be2 Qg6 9. O-O d6 10. Kh1 Qxe4 11. Nd2 Qg6 12. Nb5 Bxe3 13. fxe3 Kd8 14. e4
N7c6 15. Bh5 Bg4 16. Bxg4 Nxg4 17. Qe2 Nce5 18. Nf3 Re8 19. Rad1 Qh6 20. g3 Ne3
21. Nxe5 Rxe5 22. Rxf7 Nxd1 23. Rf8+ Kd7 24. Rxa8 Qc1 25. Qg4+ Kc6 26. Nxa7+
Kc5 27. b4+ Kc4 28. Qe2+ Kxc3 29. Kg2 Ne3+ 30. Kf3 Qh1+ 31. Kf2 Qg2+ 32. Ke1
Qg1+ 0-1

[Event "C.to Unione Europea U14"]
[Site "Mureck AUT"]
[Date "2007.08.07"]
[Round "7"]
[White "Szabo, Bence"]
[Black "Messina, Roberta"]
[Result "1-0"]
[WhiteElo "2131"]
[BlackElo "1859"]
[PlyCount "77"]
[EventDate "2007.08.01"]

1. d4 Nf6 2. c4 e6 3. Nc3 Bb4 4. Qc2 O-O 5. a3 Bxc3+ 6. Qxc3 Ne4 7. Qc2 f5 8.
e3 b6 9. Ne2 Bb7 10. f3 Qh4+ 11. g3 Qh5 12. Bg2 Ng5 13. Nf4 Qe8 14. O-O d6 15.
Bd2 Nd7 16. h4 Nf7 17. d5 Nd8 18. Bh3 Ne5 19. e4 fxe4 20. Qxe4 exd5 21. cxd5
Ba6 22. Rf2 Bc8 23. Bxc8 Rxc8 24. Bc3 c6 25. Re1 Qd7 26. Bxe5 dxe5 27. Qxe5
cxd5 28. Qxd5+ Qxd5 29. Nxd5 Rc5 30. Nf4 Kf7 31. Rd2 a5 32. Rd7+ Kg8 33. Ree7
Rc1+ 34. Kg2 Rc2+ 35. Kh3 Nf7 36. Ne6 Rc6 37. Nxf8 Ne5 38. Rxe5 Kxf8 39. Ree7
1-0

[Event "C.to Unione Europea U14"]
[Site "Mureck AUT"]
[Date "2007.08.09"]
[Round "9"]
[White "Visentin, Lorenzo"]
[Black "Hansen, Mads"]
[Result "1-0"]
[WhiteElo "2041"]
[BlackElo "1870"]
[PlyCount "89"]
[EventDate "2007.08.01"]

1. d4 Nf6 2. c4 e6 3. Nc3 Bb4 4. e3 O-O 5. Bd3 d5 6. Nf3 c5 7. O-O dxc4 8. Bxc4
cxd4 9. exd4 b6 10. Bg5 Bb7 11. Qe2 Nbd7 12. Ne5 Qc7 13. Nb5 Qd8 14. Nxf7 Rxf7
15. Bxe6 Qf8 16. Qc4 Be7 17. Rfe1 Rc8 18. Qb3 Bd5 19. Bxd5 Nxd5 20. Qxd5 Bxg5
21. Nd6 Bf6 22. Re2 g6 23. Rae1 Kg7 24. h3 Bh4 25. g3 Bf6 26. Re8 Rxe8 27. Rxe8
Qxe8 28. Nxe8+ Kf8 29. Qa8 Ke7 30. Nxf6 Rxf6 31. Qxa7 Rd6 32. Qa4 Nb8 33. d5
Nd7 34. Qd4 Nf6 35. a4 h5 36. b4 Kd7 37. a5 bxa5 38. bxa5 Nxd5 39. a6 Nc7 40.
Qg7+ Kc6 41. a7 Na8 42. Qf8 Nc7 43. a8=Q+ Nxa8 44. Qxa8+ Kb5 45. Qe4 1-0